Direito administrativo e sustentabilidade : (Record no. 365)

MARC details
000 -LÍDER
Campo Fixo de Controle 00887nam a2200241 a 4500
001 - NÚMERO DE CONTROLE
Campo de Controle 365
003 - IDENTIFICAÇÃO DO NÚMERO DE CONTROLE
Campo de Controle BR-CuiBMT
005 - DATA E HORA DA ÚLTIMA ATUALIZAÇÃO
Campo de Controle 20231129045705.0
008 - DADOS FIXOS
Dados Fixos 231101b2017 mgb 000 0 por d
020 ## - INTERNATIONAL STANDARD BOOK NUMBER
Nº do ISBN 9788545002260
040 ## - AGÊNCIA CATALOGADORA
Código da Agência Catalogadora BR-CuiBMT
Agência que transcreveu o registro BR-CuiBMT
080 ## - Nº DA CLASSIFICAÇÃO DECIMAL UNIVERSAL
Nº edição CDU 2007
Nº Class. CDU 342.9:502.131.1
090 ## - NÚMERO DE CHAMADA
Nº classificação 342.9:502.131.1
Cutter M838d
100 1# - ENTRADA PRINCIPAL -- AUTOR PESSOAL
Nome pessoal Moreira, Rafael Martins Costa
245 10 - TÍTULO PRINCIPAL
Título principal Direito administrativo e sustentabilidade :
Subtítulo o novo controle judicial da administração pública /
Indicação de responsabilidade Rafael Martins Costa Moreira ; prefácio Juarez Freitas.
260 ## - PUBLICAÇÃO, DISTRIBUIÇÃO, ETC.
Local de publicação Belo Horizonte :
Editora Fórum,
Data 2017.
300 ## - DESCRIÇÃO FÍSICA
N. páginas ou volumes 224 p. ;
Dimensões 22 cm
504 ## - NOTA DE BIBLIOGRAFIA, ETC.
Nota de bibliografia Inclui bibliografia.
650 ## - ASSUNTO TÓPICO
Cabeçalho tópico ou nome geográfico Direito administrativo
Subdivisão geral Aspectos ambientais
Subdivisão geográfica Brasil
650 ## - ASSUNTO TÓPICO
Cabeçalho tópico ou nome geográfico Desenvolvimento sustentável
Subdivisão geral Controle judicial
Subdivisão geográfica Brasil
650 ## - ASSUNTO TÓPICO
Cabeçalho tópico ou nome geográfico Contratação sustentável
Subdivisão geral Controle judicial
Subdivisão geográfica Brasil
942 ## - ELEMENTOS DE ENTRADA ADICIONAIS (KOHA)
Fonte de classificação ou esquema de arquivamento Classificação Decimal Universal
Tipo de item do Koha Livros
Holdings
Estado: removido Estado: perdido Fonte de classificação ou esquema de arquivamento Estado: danificado Indisponível para empréstimo Localização permanente Localização atual Data de aquisição Total Checkouts Número de Chamada completo Código de barras Date last seen Número do exemplar Preço efetivo a partir de Tipo de item (Koha)
    Classificação Decimal Universal     Biblioteca da Escola Superior de Contas do TCE/MT Biblioteca da Escola Superior de Contas do TCE/MT 15/08/2019   342.9:502.131.1 M838d BIBTCEMT23110059 01/11/2023 Ex. 1 01/11/2023 Livros
    Classificação Decimal Universal     Biblioteca da Escola Superior de Contas do TCE/MT Biblioteca da Escola Superior de Contas do TCE/MT 15/08/2019   342.9:502.131.1 M838d BIBTCEMT23110060 01/11/2023 Ex. 2 01/11/2023 Livros

Powered by Koha